000 00652cam a22002291 4500
001 sa 67000854
003 DLC
005 20260227112318.0
008 880328s1965 ii l000 0 eng
010 _asa 67000854
025 _aPL480:I-E-7128
035 _a(OCoLC)17688782
040 _aDLC
_cMiDW
_dMiDW
_dDLC
042 _apremarc
050 0 0 _aHV8247
_b.G48
100 1 _aGhosh, Srikanta,
_d1913-
245 1 0 _aPolice and the public,
_cby S.K. Ghosh.
260 _aBhubaneswar,
_bGovt. of Orissa, Home Dept.,
_c1965.
300 _a108 p.
_c25 cm.
650 0 _aPolice
_zIndia.
710 1 _aOrissa (India).
_bHome (Public Relations) Department.
999 _c72252
_d72252